| 000 | 01166cam a2200301 4500 | ||
|---|---|---|---|
| 999 |
_c25941 _d25941 |
||
| 001 | 1726800 | ||
| 003 | OSt | ||
| 005 | 20170201152647.0 | ||
| 008 | 730212s1972 ohua c 001 0 eng | ||
| 010 | _a 73152939 | ||
| 040 |
_aDLC _cDLC _dDLC |
||
| 050 | 0 | 0 |
_aND813.D3 _bS34 |
| 082 | 0 | 0 | _a759.6 |
| 110 | 2 | _aSalvador Dali Museum. | |
| 245 | 1 | 0 |
_aSalvador Dalí: catalog of a collection; _bninety-three oils, 1917-1970. |
| 250 | _a[1st deluxe limited ed.] | ||
| 260 |
_aCleveland (Beachwood), Ohio _c[1972] |
||
| 300 |
_a226, xxxvi p. _billus. (part col.) _c27 x 32 cm. |
||
| 500 | _aOn cover: Salvador Dalí: a collection. | ||
| 500 | _a"Written ... by A. Reynolds Morse." | ||
| 500 | _aFive hundred copies printed. No. 44. | ||
| 500 | _a"The paintings in this catalog are in the Collection of Mr. and Mrs. A. Reynolds Morse." | ||
| 600 | 1 | 0 |
_aDalí, Salvador, _d1904-1989. |
| 600 | 1 | 0 |
_aMorse, Albert Reynolds, _d1914-2000 _xArt collections. |
| 700 | 1 |
_aMorse, Albert Reynolds, _d1914-2000. |
|
| 906 |
_a7 _bcbc _corignew _d2 _encip _f19 _gy-gencatlg |
||
| 942 |
_2lcc _cBOOKS _hND 813 .D3S34 1972 |
||